[Event "25th Liechtenstein Open"]
[Site "Triesen LIE"]
[Date "2007.05.17"]
[Round "7"]
[White "Peterson,Er"]
[Black "Froewis,G"]
[Result "1/2-1/2"]
[WhiteElo "2302"]
[BlackElo "2133"]

1.e4 g6 2.d4 Bg7 3.Nc3 c5 4.dxc5 Qa5 5.Bd3 Qxc5 6.Nge2 Nf6 7.O-O O-O 8.Be3 Qc7
9.Nb5 Qa5 10.Qe1 Qxe1 11.Rfxe1 Nc6 12.f3 b6 13.c3 Bb7 14.Rad1 Rac8 15.Ned4 a6
16.Nxc6 dxc6 17.Na3 c5 18.Be2 b5 19.Nc2 c4 20.Rd2 Rfd8 21.Red1 Rxd2 22.Rxd2 Kf8
23.a4 Ne8 24.a5 Nf6 25.Nb4 Ke8 26.Bd1 Nd7 27.Nd5 e6 28.Nb6 Nxb6 29.Bxb6 Bh6
30.Re2 e5 31.Kf2 Rc6 32.Be3 Bf8 33.Rd2 Bd6 34.Bb6 Ke7 35.Bc2 f6 36.Rd1 Bc8
37.g4 Be6 38.h4 h6 39.Rh1 Rc8 40.h5 g5 41.Ke2 Kd7 42.Ra1 Bc5 43.Rd1+ Ke7
44.Ra1 Rc6 45.Bxc5+ Rxc5 46.Kd2 Rc7 47.Bd1 Kd6 48.Be2 Kc5 49.Kc2 Rd7 50.Bf1 Rd6
51.Be2 Bd7 52.Bf1 Be8 53.Be2 b4 54.Bf1 Bd7 55.Be2 Bc6 56.Kc1 b3 57.Ra3 Rd8
58.Ra1 f5 59.exf5 e4 60.fxe4 Bxe4 61.Ra4 Bd3 62.Bf3 Re8 63.Kd2 Rd8 64.Ke3 Re8+
65.Kf2 Kb5 66.Rb4+ Kxa5 67.Rb7 Be4 68.Rd7 Bxf3 69.Kxf3 Re1 70.Rd2 Kb5 71.f6 Re8
72.Rf2 a5 73.f7 Rf8 74.Ke4 a4 75.Ke5 a3 76.bxa3 Ka4 77.Kf6 Kxa3 78.Kg7 b2
79.Rf1 Rb8 80.Kxh6 Kb3 81.Kg7 Kxc3 82.h6 Kd3 83.h7 c3 84.h8=Q Rxh8 85.Kxh8 c2
86.f8=Q c1=Q 87.Qf5+ Kd4 88.Qd7+ Ke4 89.Qf5+ Kd4 90.Qd7+ Ke4 91.Qe6+ Kd4
92.Qg6  1/2-1/2

[Event "3rd UKR Games Men"]
[Site "Evpatoria UKR"]
[Date "2007.05.21"]
[Round "1"]
[White "Karjakin,Sergey"]
[Black "Rakhmangulov,A"]
[Result "1-0"]
[WhiteElo "2686"]
[BlackElo "2299"]

1.e4 g6 2.d4 Bg7 3.Nc3 d5 4.exd5 Nf6 5.Bc4 Nbd7 6.Qf3 Nb6 7.Bb3 Bg4 8.Qg3 Bf5
9.Nf3 Nbxd5 10.Nxd5 Nxd5 11.O-O O-O 12.Re1 Nf6 13.Qh4 a5 14.a4 Ra6 15.h3 Qd7
16.Bc4 Rb6 17.c3 Be6 18.Ne5 Qc8 19.b3 Bxc4 20.bxc4 Re8 21.Bg5 Nd7 22.Ng4 f6
23.Bh6 Bh8 24.c5 Ra6 25.Rad1 f5 26.Ne3 Nf6 27.f3 Qd7 28.d5 Bg7 29.Bg5 Kh8
30.Qc4 h6 31.Bh4 g5 32.Bf2 Rf8 33.c6 Qc8 34.cxb7 Qxb7 35.Nxf5 Rf7 36.d6  1-0

[Event "XXII Felix Cup"]
[Site "Felix Spa ROM"]
[Date "2007.05.27"]
[Round "4"]
[White "Itkis,B"]
[Black "Szabo,G ROM"]
[Result "1/2-1/2"]
[WhiteElo "2429"]
[BlackElo "2512"]

1.d4 g6 2.e4 Bg7 3.Nc3 a6 4.f4 b5 5.Nf3 Bb7 6.Bd3 d6 7.Be3 Nd7 8.e5 c5 9.Be4 Bxe4
10.Nxe4 cxd4 11.Bxd4 dxe5 12.fxe5 Nh6 13.e6 Nf6 14.Neg5 Qd5 15.Qe2 O-O 16.exf7+ Nxf7
17.Qe6 Rfc8 18.Qxf7+ Qxf7 19.Nxf7 Kxf7 20.c3 Ne4 21.O-O Bxd4+ 22.Nxd4+ Nf6
23.Rae1 h6 24.Re6 b4 25.Rfe1 bxc3 26.Rxe7+ Kg8 27.bxc3 Rxc3 28.Rf1 Ng4 29.Re6 Kg7
30.h3 Ne3 31.Re1 Nf5 32.Nxf5+ gxf5 33.Rb6 f4 34.Re7+ Kf8 35.Rh7 Kg8 36.Rhxh6 Rd8
37.Rbg6+ Kf7 38.Rf6+ Kg7 39.Rhg6+ Kh7 40.Rg4 f3 41.Rxf3 Rxf3 42.gxf3 Rd3
43.a4 Rxf3 44.Kg2 Ra3 45.h4 Kh6 46.Kf2 Kh5 47.Rf4 Rh3 48.Rf6 Rxh4 49.Rxa6 Kg5
50.Ra8 Kf6 51.a5 Ra4 52.a6 Ra3 53.Ke2 Kg7 54.Kd2 Rf3 55.Kc2 Rf6 56.Kb3 Rf3+
57.Kc4 Rf4+ 58.Kd5 Rf5+ 59.Ke4 Rf6 60.Ke5 Rb6 61.Ra7+ Kg6 62.Kd5 Rf6  1/2-1/2

[Event "10th IHEM"]
[Site "Hamburg GER"]
[Date "2007.05.29"]
[Round "4"]
[White "Lanka,Z"]
[Black "Fries Nielsen,JO"]
[Result "1-0"]
[WhiteElo "2482"]
[BlackElo "2374"]

1.e4 g6 2.d4 Bg7 3.Nc3 Nc6 4.Be3 d5 5.e5 Nh6 6.f4 f6 7.Nf3 Bg4 8.Be2 Nf5
9.Bf2 Bh6 10.g3 e6 11.h4 Bg7 12.Qd3 a6 13.O-O-O h5 14.Kb1 Qe7 15.exf6 Bxf6
16.Rhe1 O-O-O 17.Ne5 Bxe2 18.Qxe2 Nxe5 19.dxe5 Bg7 20.Na4 d4 21.b3 Qb4 22.Rd3 Qb5
23.Qf3 c5 24.c4 Qa5 25.Ka1 Bf8 26.Rb1 Rh7 27.Qd1 Rhd7 28.Be1 Qc7 29.b4 Ne3
30.Qc1 cxb4 31.c5 a5 32.a3 Qc6 33.Nb6+ Kc7 34.axb4 Qb5 35.Ra3 axb4 36.Bxb4 Kc6
37.Qh1+ Rd5 38.Qe4 Bxc5 39.Nxd5 Rxd5 40.Ra5 Qxb4 41.Rxb4 Bxb4 42.Rxd5 exd5
43.Qxg6+ Kc5 44.Qd3 Bc3+ 45.Ka2 Nc4 46.Qh7  1-0

[Event "XXII Felix Cup"]
[Site "Felix Spa ROM"]
[Date "2007.05.31"]
[Round "9"]
[White "Mateuta,G"]
[Black "Szabo,G ROM"]
[Result "1/2-1/2"]
[WhiteElo "2467"]
[BlackElo "2512"]

1.d4 g6 2.e4 Bg7 3.Nc3 a6 4.a4 d6 5.g3 Nc6 6.Be3 e5 7.d5 Nce7 8.Bg2 Nf6 9.h3 O-O
10.Nge2 Ne8  1/2-1/2

[Event "TCh-BIH"]
[Site "Vogosca BIH"]
[Date "2007.06.04"]
[Round "3"]
[White "Brenjo,S"]
[Black "Hrvacic,P"]
[Result "1/2-1/2"]
[WhiteElo "2505"]
[BlackElo "2284"]

1.e4 g6 2.d4 Bg7 3.Nc3 d5 4.exd5 Nf6 5.Bc4 Nbd7 6.Bb3 Nb6 7.Nf3 O-O 8.O-O Nbxd5
9.Nxd5 Nxd5 10.c4 Nb6 11.Re1 c6 12.d5 e6 13.Bg5 Bf6 14.Bxf6 Qxf6 15.d6 Nd7
16.Qd4 Qxd4 17.Nxd4 Rd8 18.Rad1 c5 19.Nb5 a6 20.Nc3 Rb8 21.Ba4 Nf6 22.a3 Bd7
23.Bxd7 Nxd7 24.a4 Rbc8 25.Rd2 Kg7 26.f4 Nb8 27.Ne4 b6 28.a5 bxa5 29.Ra1 Rc6
30.Rxa5 Nd7 31.b3 h6 32.Ra1 Rb8 33.Rd3 Rbb6 34.Rad1 f5 35.Nd2 Rxd6 36.Nf3 Rxd3
37.Rxd3 Nf6 38.Ne5 g5 39.g3 gxf4 40.gxf4 Nh5 41.Rd7+ Kf8 42.b4 Rxb4 43.Rd8+ Kg7  1/2-1/2

[Event "National Open"]
[Site "Las Vegas USA"]
[Date "2007.06.08"]
[Round "2"]
[White "Kolev,At1"]
[Black "Aleskerov,F"]
[Result "1-0"]
[WhiteElo "2553"]
[BlackElo "2311"]

1.e4 g6 2.d4 Bg7 3.Nc3 d5 4.exd5 Nf6 5.Bc4 Nbd7 6.Bg5 O-O 7.Nge2 Nb6 8.Bxf6 Nxc4
9.Bxg7 Kxg7 10.Qd3 b5 11.Ng3 a6 12.O-O-O Qd6 13.Rde1 Qb4 14.Nd1 Bb7 15.h4 h5
16.b3 Nb6 17.Nxh5+ gxh5 18.Qg3+ Kh7 19.Re5 f5 20.Re6 Rg8 21.Qxc7 Nxd5 22.Qxb7 Qxd4
23.Kb1 Rac8 24.Rhe1 Rc7 25.Qxa6 Rxg2 26.Qa8 Qc5 27.c4 bxc4 28.Qf8 Rg7 29.Rg1 Nc3+
30.Ka1 Qd4  1-0

[Event "XXV Open"]
[Site "Novi Becej SRB"]
[Date "2007.06.09"]
[Round "1"]
[White "Popovic,Milo2"]
[Black "Grkovic,M"]
[Result "1-0"]
[WhiteElo "2404"]
[BlackElo "2105"]

1.e4 g6 2.d4 Bg7 3.Nc3 c5 4.dxc5 Qa5 5.Bd3 Qxc5 6.Nge2 Nf6 7.Be3 Qa5 8.O-O O-O
9.Qd2 Nc6 10.h3 d6 11.a3 Ne5 12.f4 Nxd3 13.cxd3 Bd7 14.d4 Rfc8 15.b4 Qd8
16.e5 Ne8 17.Rac1 Rc4 18.Ne4 Rac8 19.Rxc4 Rxc4 20.Qd3 d5 21.Nd2 Bf5 22.Qb3 Bc2
23.Qb2 Rc7 24.Nc3 Bd3 25.Rf3 e6 26.Bf2 Bc4 27.g4 f5 28.gxf5 gxf5 29.b5 b6
30.a4 Bf8 31.Rg3+ Ng7 32.a5 Kh8 33.axb6 axb6 34.Na4 Nh5 35.Rf3 Be2 36.Re3 Nxf4
37.Bg3 Nxh3+ 38.Kh2 Bg4 39.Rc3 f4 40.Be1 Ng5 41.Bh4 Be7 42.Nxb6 Rxc3 43.Qxc3 Qxb6
44.Qc6 Qd8 45.b6 Qg8 46.b7 Nf3+ 47.Nxf3 Bxf3 48.Qc8 Bxh4 49.b8=Q Bg3+ 50.Kg1 Qxc8
51.Qxc8+ Kg7 52.Qd7+ Kf8 53.Qxe6 h5 54.Qf6+  1-0

[Event "XXV Open"]
[Site "Novi Becej SRB"]
[Date "2007.06.13"]
[Round "5"]
[White "Nestorovic,L"]
[Black "Kaposztas,M"]
[Result "1/2-1/2"]
[WhiteElo "2086"]
[BlackElo "2227"]

1.e4 g6 2.d4 Bg7 3.Nc3 c5 4.Nf3 Qa5 5.Be3 Nf6 6.Bd3 c4 7.Bxc4 Nxe4 8.Qd3 Nxc3
9.bxc3 O-O 10.O-O d6 11.Rab1 Qc7 12.Bb3 Nd7 13.h4 Nf6 14.Bd2 e5 15.Qe2 e4
16.Nh2 d5 17.c4 dxc4 18.Bxc4 a6 19.a4 Bd7 20.Bb3 b5 21.axb5 axb5 22.Bb4 Rfe8
23.Rfc1 Rac8 24.c4 bxc4 25.Bxc4 Qf4 26.g3 Qf5 27.Bd2 Be6 28.Bxe6 Qxe6 29.Be3 h5
30.Rc5 Nd5 31.Rbc1 Rxc5 32.dxc5 Rc8 33.Nf1 Kh7 34.Bd2 Bd4 35.c6 Rc7 36.Rc4 Bg7
37.Qxe4 Rxc6 38.Qxe6 Rxe6 39.Ne3 Nxe3 40.Bxe3 Be5 41.Kg2 Bf6 42.Kf3 Kg7 43.Rc7 Re7
44.Rc8 Rb7  1/2-1/2

[Event "11th Master Open"]
[Site "Voronezh RUS"]
[Date "2007.06.15"]
[Round "4"]
[White "Serjakov,D"]
[Black "Shamugia,S"]
[Result "1-0"]
[WhiteElo "2287"]
[BlackElo "2217"]

1.e4 g6 2.d4 Bg7 3.Nc3 a6 4.Nf3 b5 5.Bd3 d6 6.Be3 Bb7 7.a4 b4 8.Ne2 Nd7 9.Ng3 a5
10.O-O e6 11.Qd2 h6 12.c3 bxc3 13.bxc3 Ne7 14.h3 d5 15.e5 Ba6 16.Rfb1 Bxd3
17.Qxd3 Nb6 18.Bc1 Qd7 19.Rb5 O-O 20.Nd2 Rfb8 21.Qc2 Nc6 22.Ngf1 Qc8 23.Ne3 Nd7
24.Rxb8 Rxb8 25.Ba3 Qa6 26.Re1 Na7 27.Nb3 Nc8 28.c4 c6 29.c5 Ne7 30.Qc3 Nf5
31.Nc2 Bf8 32.Bc1 Be7 33.Bd2 Bd8 34.Ne3 Nxe3 35.Rxe3 Bg5 36.Rf3 Qc4 37.Bxg5 Qxc3
38.Rxc3 hxg5 39.Nxa5 Rb1+ 40.Kh2 Nb8 41.Rb3 Rxb3 42.Nxb3 f6 43.exf6 Kf7 44.Nc1 Kxf6
45.Nd3 Kf5 46.f3 Na6 47.Kg3  1-0

[Event "11th Master Open"]
[Site "Voronezh RUS"]
[Date "2007.06.18"]
[Round "6"]
[White "Sjugirov,S"]
[Black "Bezgodov,A"]
[Result "1-0"]
[WhiteElo "2395"]
[BlackElo "2561"]

1.e4 g6 2.d4 Bg7 3.Nc3 d5 4.exd5 Nf6 5.Bb5+ Nbd7 6.Nf3 O-O 7.O-O Nb6 8.Re1 Nbxd5
9.Nxd5 Qxd5 10.Bf1 Qd6 11.h3 c5 12.dxc5 Qxc5 13.Be3 Qc7 14.Bd4 Rd8 15.Qe2 Be6
16.c3 Re8 17.Qb5 a6 18.Qe5 Qc8 19.c4 Nh5 20.Qg5 Qc7 21.Qh4 Rad8 22.Bxg7 Kxg7
23.Re5 Nf6 24.Rc1 Bc8 25.b3 b6 26.Qg5 Bb7 27.Qe3 e6 28.Qc3 Kg8 29.Re3 Nh5
30.Ne5 Qc5 31.Be2 Qd4 32.Bxh5 Qxc3 33.Rcxc3 gxh5 34.c5 bxc5 35.Rxc5 f6 36.Rc7 Bc8
37.Nc4 e5  1-0

[Event "TCh-ESP Honor Gp1"]
[Site "Lugo ESP"]
[Date "2007.06.20"]
[Round "1"]
[White "Korneev,O"]
[Black "Andres Gonzalez,A"]
[Result "1-0"]
[WhiteElo "2565"]
[BlackElo "2424"]

1.e4 g6 2.d4 Bg7 3.Nc3 d5 4.exd5 Nf6 5.Bc4 Nbd7 6.Bg5 Nb6 7.Bxf6 Bxf6 8.Bb3 a5
9.a4 c6 10.dxc6 bxc6 11.Nf3 O-O 12.Ne4 Bg4 13.c3 Rb8 14.h3 Bxf3 15.Qxf3 Nd5
16.Ra3 Bg7 17.O-O Re8 18.Rd1 e6 19.g3 Nf6 20.Nc5 Bf8 21.Ra2 Bxc5 22.dxc5 Qe7
23.Ra3 Nd5 24.Bxd5 cxd5 25.c4 dxc4 26.c6 Red8 27.Rc3 Qc5 28.Rdc1 Rd4 29.b3 Rb4
30.Qf6 e5 31.Rf3 Qf8 32.Rxc4 Rbxc4 33.bxc4 Rd6 34.Qxe5 Rxc6 35.Qd5 Rc7 36.Qxa5 Rxc4
37.Rf4 Rc1+ 38.Kh2 Qd6 39.Qa8+ Kg7 40.Qb7 Rc7 41.Qb2+ f6 42.a5 Ra7 43.Qb6 Rd7
44.Qxd6 Rxd6 45.Ra4 Ra6 46.g4 Kf7 47.Kg3 Ke6 48.Kf4 Kd5 49.h4 Kc5 50.Ra1 Kd5
51.g5 Kd4 52.gxf6 Rxf6+ 53.Kg5 Ra6 54.Kh6 Ra7 55.a6 Ke4 56.Kg5 Kf3 57.Ra2 Ke4
58.f4 Kd5 59.h5 gxh5 60.f5 h4 61.f6 Ke6 62.Re2+ Kd5 63.Rf2 h3 64.f7 h2 65.f8=Q h1=Q
66.Rd2+ Kc4 67.Qf4+ Kb5 68.Qe5+ Kb6 69.Rd6+  1-0

[Event "11th Master Open"]
[Site "Voronezh RUS"]
[Date "2007.06.20"]
[Round "8"]
[White "Voitsekhovsky,S"]
[Black "Chernyshov,K"]
[Result "1/2-1/2"]
[WhiteElo "2503"]
[BlackElo "2567"]

1.e4 g6 2.d4 Bg7 3.Nc3 a6 4.h4 h5 5.Nf3 b5 6.a4 b4 7.Nd5 Bb7 8.Bc4 e6 9.Nxb4 Bxe4
10.c3 a5 11.Nd3 Qf6 12.Nc5 Bxf3 13.gxf3 Bh6 14.Ne4 Qf5 15.Be3 d5 16.Bd3 Kf8
17.Ra3 c6 18.Nc5 Qf6 19.Rb3 Kg7 20.Qe2 Bxe3 21.Qxe3 Nh6 22.Rb7 Re8 23.Qe5 Qxe5+
24.dxe5 Kf8 25.Kd2 Re7 26.Rb6 Rea7 27.Ra1 Ng8 28.Ra3 Ne7 29.Rab3 Nd7 30.Nxd7+ Rxd7
31.Rb8+ Rd8 32.Rxd8+ Rxd8 33.Rb7 c5 34.f4 c4 35.Bc2 Rc8 36.Ke3 Nc6 37.Bd1 Rd8
38.Bc2 Rc8 39.Bd1 Rd8  1/2-1/2

[Event "Open"]
[Site "Pula CRO"]
[Date "2007.06.23"]
[Round "1"]
[White "Jones,G"]
[Black "Vincenzi,M"]
[Result "1-0"]
[WhiteElo "2518"]
[BlackElo "2067"]

1.e4 c5 2.Nc3 g6 3.d4 Bg7 4.dxc5 Qa5 5.Bd2 Qxc5 6.Nd5 d6 7.Bb4 Qd4 8.Qxd4 Bxd4
9.Nc7+ Kd7 10.Nxa8 Nc6 11.O-O-O Nf6 12.Nf3 Nxe4 13.Rxd4 Nxd4 14.Nxd4 e5 15.Bb5+ Ke7
16.Re1 f5 17.f3 Nc5 18.Bxc5 dxc5 19.Nb3  1-0

[Event "Kotov Mem"]
[Site "Tula RUS"]
[Date "2007.07.01"]
[Round "2"]
[White "Domogaev,S"]
[Black "Saulin,D"]
[Result "1/2-1/2"]
[WhiteElo "2383"]
[BlackElo "2400"]

1.d4 g6 2.e4 Bg7 3.Nc3 c5 4.d5 d6 5.Nf3 Nf6 6.a4 O-O 7.Bc4 Bg4 8.h3 Bxf3
9.Qxf3 Nbd7 10.O-O Ne5 11.Qe2 Nxc4 12.Qxc4 Qa5 13.Bd2 a6 14.Ra3 Qb4 15.Qe2 Qxb2  1/2-1/2

[Event "Open A"]
[Site "Klatovy CZE"]
[Date "2007.07.07"]
[Round "8"]
[White "Macek,K"]
[Black "Hacaperka,M"]
[Result "1/2-1/2"]
[WhiteElo "1951"]
[BlackElo "1936"]

1.e4 g6 2.d4 Bg7 3.Nc3 a6 4.Nf3 b5 5.Bd3 Bb7 6.a3 d6 7.O-O Nd7 8.Re1 c6 9.e5 dxe5
10.Nxe5 Nxe5 11.dxe5 e6 12.Qg4 Qc7 13.Bf4 Nh6 14.Qh4 Nf5 15.Bxf5 gxf5 16.Rad1 h6
17.Rd3 Rd8 18.Rg3 Rh7 19.Bg5 Bxe5 20.Bxd8 Bxg3 21.hxg3 Qxd8 22.Qf4 c5 23.Qxf5 Rg7
24.Qe5 Rg8 25.Rd1 Qc8 26.Ne4 Bxe4 27.Qxe4 Rg6 28.Qe5 Ke7 29.Rd5 Rg5 30.Qd6+ Kf6
31.Qf4+ Kg6 32.Rd6 Qb7 33.Qe3 Rd5 34.Qe4+ Kg7 35.Qg4+ Kh7 36.Qf4 Rxd6 37.Qxd6 Qd5
38.Qf4 Qd1+  1/2-1/2

[Event "Campeonato Continental Absolut"]
[Site "Cali COL"]
[Date "2007.07.10"]
[Round "1"]
[White "Ibarra Chami,L"]
[Black "Barros,R"]
[Result "1-0"]
[WhiteElo "2325"]
[BlackElo "2077"]

1.e4 c5 2.Nc3 g6 3.d4 Bg7 4.d5 d6 5.Nf3 Nf6 6.Bb5+ Bd7 7.a4 O-O 8.O-O a6
9.Bxd7 Nbxd7 10.a5 Qc7 11.Nd2 c4 12.Qe2 Rac8 13.Ra4 Nc5 14.Ra3 Ncd7 15.Ra4 Nc5
16.Rxc4 Qd8 17.b4 Ncd7 18.Na4 Ne5 19.Rxc8 Qxc8 20.c4 Qc7 21.Bb2 Ned7 22.Rc1 Rc8
23.Bd4 e6 24.Bb6 Nxb6 25.Nxb6 Re8 26.Nb3 Bh6 27.Rc2 Nd7 28.dxe6 fxe6 29.Nxd7 Qxd7
30.c5 Qa4 31.Qc4 dxc5 32.Nxc5 Qa1+ 33.Qf1 Qxf1+ 34.Kxf1 Rc8 35.Rb2 Bg7 36.Rb3 Be5
37.Nxb7 Rc1+ 38.Ke2 Bxh2 39.g3 Bg1 40.Rb2 Rc4 41.Kf1 Rc1+ 42.Kg2 h5 43.Nc5 g5
44.Nxa6 h4 45.b5 hxg3 46.Kxg3 g4 47.b6 Rc3+ 48.Kg2  1-0

[Event "6th Open"]
[Site "La Fere FRA"]
[Date "2007.07.10"]
[Round "5"]
[White "Mataigne,J"]
[Black "Pytel,K"]
[Result "0-1"]
[WhiteElo "2017"]
[BlackElo "2418"]


1.e4 g6 2.d4 Bg7 3.Nc3 c5 4.dxc5 Qa5 5.Bd3 Qxc5 6.Nge2 Nf6 7.Be3 Qa5 8.f3 Nc6
9.Bc4 a6 10.Bb3 b5 11.O-O Qc7 12.Nd5 Nxd5 13.exd5 Ne5 14.d6 exd6 15.Bd5 Rb8
16.Bd4 O-O 17.Kh1 Bb7 18.Bxb7 Rxb7 19.f4 Nc6 20.Bxg7 Kxg7 21.f5 f6 22.Nf4 Ne5
23.Nd5 Qc5 24.c3 Rbb8 25.b4 Qc6 26.fxg6 hxg6 27.Qd4 Rf7 28.Rad1 Rh8 29.Ne3 Rh5
30.Rc1 Rg5 31.Qd5 Nc4 32.Qxc6 dxc6 33.Nxc4 bxc4 34.Rf4 d5 35.a4 Re5 36.Rcf1 Re3
37.R4f3 Rxf3 38.Rxf3 Re7 39.h4 Re1+ 40.Kh2 Ra1 41.a5 Re1 42.g3 f5 43.h5 gxh5
44.Rxf5 Re3 45.Rxh5 Rxc3 46.Re5 d4 47.Kg2 d3 48.Kf2 Rc2+ 49.Ke1 c3 50.Kd1 Rg2  0-1

[Event "ChIP"]
[Site "Paris FRA"]
[Date "2007.07.15"]
[Round "9"]
[White "David,Alb"]
[Black "Govciyan,P"]
[Result "1-0"]
[WhiteElo "2529"]
[BlackElo "2430"]

1.e4 g6 2.d4 Bg7 3.Nc3 d5 4.exd5 Nf6 5.Bc4 Nbd7 6.Nf3 Nb6 7.Bb3 a5 8.a4 O-O
9.O-O Nbxd5 10.Nxd5 Nxd5 11.h3 h6 12.Re1 e6 13.Ne5 b6 14.Qf3 Ba6 15.Bd2 Qd6
16.Rad1 c6 17.c4 Ne7 18.Bf4 g5 19.c5 Qc7 20.Bh2 Qb7 21.cxb6 Nd5 22.h4 f6
23.Ng6 Rfe8 24.Bc7 Rac8 25.Bxd5 cxd5 26.Rc1 Kh7 27.h5 Ra8 28.b3 Rac8 29.Qh3 f5
30.Qc3 Kg8 31.Qc5 Bf6 32.Qd6 Bd3 33.Rxe6 Red8 34.Ne7+ Kh7 35.Nxc8 Qxc8 36.Re7+  1-0

[Event "22nd North Sea Cup"]
[Site "Esbjerg DEN"]
[Date "2007.07.16"]
[Round "6"]
[White "Lauridsen,Jesper"]
[Black "Jensen,TR"]
[Result "1-0"]
[WhiteElo "2223"]
[BlackElo "2027"]

1.e4 g6 2.d4 Bg7 3.Nc3 c5 4.Nf3 cxd4 5.Nxd4 Nc6 6.Be3 d6 7.f3 Bd7 8.Qd2 a6
9.O-O-O b5 10.Nd5 Rb8 11.Kb1 Ne5 12.f4 Nc4 13.Bxc4 bxc4 14.e5 dxe5 15.fxe5 e6
16.Nb4 Qc8 17.c3 Qb7 18.a3 a5 19.Na2 Ne7 20.Nf3 O-O 21.Bc5 Bh6 22.Qe2 Ba4
23.Rdf1 Nd5 24.Bxf8 Nf4 25.Qd2 Nd3 26.Bxh6 Nxb2 27.Ka1 Nd3 28.Rb1 Bb3 29.Nd4 Nc5
30.Nc1 Qe7 31.Nc6 Qe8 32.Qd6 Rb5 33.Qd8 Qxd8 34.Nxd8 Na4 35.Nxb3 cxb3 36.Bc1 Nxc3
37.Rb2 a4 38.Nc6 Rc5 39.Nd4 Rxe5 40.Nxb3 axb3 41.Rxb3  1-0

[Event "Najdorf Mem GpA"]
[Site "Grodzisk Mazowiecki POL"]
[Date "2007.07.22"]
[Round "3"]
[White "Winski,L"]
[Black "Brzeski,M"]
[Result "0-1"]
[WhiteElo "2004"]
[BlackElo "2356"]

1.e4 g6 2.d4 Bg7 3.Nc3 c5 4.dxc5 Qa5 5.Bd2 Qxc5 6.Bd3 Nf6 7.Nge2 Nc6 8.O-O O-O
9.h3 d5 10.Ng3 Ne5 11.b4 Qb6 12.Na4 Qc6 13.b5 Qe8 14.Rb1 dxe4 15.Bxe4 Nxe4
16.Nxe4 b6 17.Bc3 Qd7 18.Qe2 Qc7 19.Rb4 Be6 20.f4 Nc4 21.Bxg7 Kxg7 22.Ng5 Bd5
23.Rd1 e6 24.Qf2 Qe7 25.c3 Rad8 26.Re1 Qf6 27.Ne4 Bxe4 28.Rxc4 Bd3 29.Rb4 Rd5
30.c4 Rd4 31.Nb2 Rxf4 32.Qd2 Qd4+ 33.Kh2 Bf5 34.Qxd4+ Rxd4 35.Ra4 Rd2 36.Nd1 Bc2  0-1

[Event "Sun Pawn A"]
[Site "Ilichevsk UKR"]
[Date "2007.07.23"]
[Round "4"]
[White "Pavlov,S2"]
[Black "Efremova,Y"]
[Result "1-0"]
[WhiteElo "2415"]
[BlackElo "2101"]

1.e4 g6 2.d4 Bg7 3.Nc3 d5 4.exd5 Nf6 5.Bc4 O-O 6.Nge2 Nbd7 7.Bb3 Nb6 8.Nf4 a5
9.a4 Kh8 10.O-O g5 11.Nfe2 Nfxd5 12.Nxd5 Nxd5 13.Bxg5 Be6 14.c3 f6 15.Bh4 Bh6
16.Bc2 Qe8 17.Ng3 Rg8 18.Re1 Ra6 19.c4 Nb4 20.Bb3 Bc8 21.Qf3 Qd8 22.Re4 Re6
23.Rae1 Rxe4 24.Qxe4 Bf8 25.h3 Rg6 26.c5 c6 27.Kh1 Rh6 28.Nf1 Bf5 29.Qxf5 Rxh4
30.Qe6 Nd5 31.Rd1 Bh6 32.g3 Rh5 33.h4 Bg7 34.Re1 Bf8 35.Ne3 Bh6 36.Nxd5 cxd5
37.Qf7  1-0

[Event "12th Open"]
[Site "Creon FRA"]
[Date "2007.08.02"]
[Round "6"]
[White "Louis,T"]
[Black "Souevamanien,P"]
[Result "1/2-1/2"]
[WhiteElo "1959"]
[BlackElo "2160"]

1.e4 g6 2.d4 Bg7 3.Nc3 c5 4.d5 d6 5.Nf3 a6 6.a4 b6 7.Bd3 Nd7 8.Bf4 Ne5 9.Nxe5 dxe5
10.Bg3 h5 11.h4 Nh6 12.Qe2 f6 13.Rd1 Nf7 14.f3 Nd6 15.Bf2 Qc7 16.b3 Bh6 17.Be3  1/2-1/2

[Event "ch-AUT"]
[Site "Tweng AUT"]
[Date "2007.08.06"]
[Round "3"]
[White "Wittmann,W"]
[Black "Balinov,I"]
[Result "0-1"]
[WhiteElo "2313"]
[BlackElo "2499"]

1.e4 g6 2.d4 Bg7 3.Nc3 d5 4.Nxd5 c6 5.Ne3 Qxd4 6.Qxd4 Bxd4 7.c3 Bg7 8.Ne2 Nd7
9.Nd4 Ngf6 10.f3 O-O 11.a4 Rd8 12.Kd1 Nh5 13.Kc2 Ne5 14.a5 Nf4 15.g3 c5 16.gxf4 cxd4
17.fxe5 dxe3 18.Bxe3 Bxe5 19.Bg2 Bc7 20.Bb6 Rd7 21.Bxc7 Rxc7 22.Rhd1 Bd7
23.f4 e5 24.f5 Kg7 25.Rd6 f6 26.Rad1 Bc6 27.R1d3 Rg8 28.Rg3 Kf7 29.Kd3 Rcc8
30.Bh3 Rcd8 31.fxg6+ hxg6 32.Be6+ Ke7 33.Bxg8 Rxd6+ 34.Bd5 Bxd5 35.exd5 Rxd5+
36.Ke4 Rd2 37.b4 Rxh2 38.Rxg6 Ke6 39.Kd3 Rh3+ 40.Kd2 Kf7 41.Rg4 Rh7 42.Rc4 Ke6
43.Rc8 f5 44.b5 Kd5 45.b6 axb6 46.axb6 Rh6 47.c4+ Kd4 48.c5 Rh2+ 49.Kc1 Kc3
50.Kd1 Rb2 51.Rc7 Kd4 52.Rxb7 Kxc5 53.Rf7 f4 54.b7 Kc6 55.Re7 Kd6 56.Rf7 Ke6
57.Kc1 Rb6 58.Rc7 Kf5 59.Kd2 Ke4 60.Re7 Rb5 61.Ke2 Rb2+ 62.Ke1 Kf3 63.Rxe5 Rb1+
64.Kd2 Rxb7 65.Rg5 Kf2 66.Rg6 Rd7+ 67.Kc2 f3 68.Rg8 Ke2 69.Re8+ Kf1 70.Rf8 f2
71.Rg8 Rd5 72.Rg7 Ke2 73.Re7+ Kf3 74.Rf7+ Ke3 75.Rf6 Rd2+ 76.Kc3 Rd1 77.Re6+ Kf3
78.Rf6+ Kg3 79.Rg6+ Kh4  0-1

[Event "Open"]
[Site "Dubna RUS"]
[Date "2007.08.07"]
[Round "7"]
[White "Skliarov,D"]
[Black "Kostin,K"]
[Result "1/2-1/2"]
[WhiteElo "2335"]
[BlackElo "2259"]

1.e4 g6 2.d4 Bg7 3.Nc3 a6 4.a4 d6 5.Nf3 Nd7 6.Be3 b6 7.Bc4 e6 8.h4 h6 9.d5 Bxc3+
10.bxc3 e5 11.h5 g5 12.Nd2 Ngf6 13.Be2 Nc5 14.Bxc5 dxc5 15.Nc4 Nxe4 16.Bf3 Nd6
17.Nxe5 Qf6 18.O-O O-O 19.Re1 Re8 20.Nc6 Bf5 21.Qd2 Ne4 22.Qc1 Kf8 23.Be2 Nd6
24.c4 a5 25.Ra3 Bd7 26.Rf3 Qg7 27.Bd3 Bxc6 28.dxc6 Rxe1+ 29.Qxe1 Re8 30.Re3 Rxe3
31.Qxe3 Qa1+ 32.Kh2 Qf6 33.g3 Qe7 34.Qf3 Qe5 35.Kg2 f5 36.Qd1 Ke7 37.Qd2 Kf6
38.Kh2 Ke7 39.f4 gxf4 40.gxf4 Qf6 41.Qe1+ Kd8 42.Qe5 Qh4+ 43.Kg2 Qxh5 44.Qf6+ Ke8
45.Kf2 Qh2+ 46.Kf3 Qh1+ 47.Kf2 Qxc6 48.Qg6+ Ke7 49.Bxf5 Qe8 50.Qe6+ Kd8 51.Qf6+ Qe7
52.Qh8+  1/2-1/2

[Event "RC Sport Open"]
[Site "Ceska Trebova CZE"]
[Date "2007.08.11"]
[Round "3"]
[White "Grandelius,N"]
[Black "Stryjecki,M"]
[Result "1/2-1/2"]
[WhiteElo "2271"]
[BlackElo "2416"]

1.e4 g6 2.d4 Bg7 3.Nc3 a6 4.f4 b5 5.Nf3 Bb7 6.Bd3 d6 7.Be3 Nd7 8.Qe2 c5 9.dxc5 Nxc5
10.Bxc5 dxc5 11.e5 Nh6 12.a4 O-O 13.Be4 Bxe4 14.Qxe4 Nf5 15.axb5 axb5 16.Rxa8 Qxa8
17.Qxa8 Rxa8 18.Ke2 b4 19.Ne4 c4 20.Ned2 Re8 21.c3 bxc3 22.bxc3 f6 23.Rb1 fxe5
24.fxe5 Bh6  1/2-1/2

[Event "RC Sport Open"]
[Site "Ceska Trebova CZE"]
[Date "2007.08.13"]
[Round "5"]
[White "Folkova,M"]
[Black "Stryjecki,M"]
[Result "0-1"]
[WhiteElo "2195"]
[BlackElo "2416"]

1.e4 g6 2.d4 Bg7 3.Nc3 a6 4.f4 b5 5.Nf3 Bb7 6.Bd3 d6 7.Ne2 Nd7 8.O-O Ngf6
9.Ng3 e5 10.c3 exd4 11.cxd4 O-O 12.a4 c5 13.axb5 axb5 14.Rxa8 Bxa8 15.e5 Nd5
16.Ng5 c4 17.Bb1 dxe5 18.fxe5 Qb6 19.Kh1 f5 20.Nxf5 gxf5 21.Bxf5 Rxf5 22.Rxf5 Qg6
23.Rf1 h6 24.Nf3 Nf8 25.Qe2 Ne7 26.Nh4 Qe4 27.Qf2 Bd5 28.Qg3 Kh7 29.Be3 Nfg6
30.Nxg6 Nxg6 31.Ra1 Nh4 32.Rg1 Nf5 33.Qf4 Qd3 34.Bf2 b4 35.Re1 c3 36.bxc3 bxc3
37.e6 Bxe6 38.Bg1 Bd5 39.Rf1 Nxd4  0-1

[Event "ch-Euro IBCA"]
[Site "Durham ENG"]
[Date "2007.08.15"]
[Round "2"]
[White "Nizam,R"]
[Black "Rosikhin,I"]
[Result "0-1"]
[WhiteElo "2244"]
[BlackElo "2101"]

1.e4 g6 2.d4 Bg7 3.Nc3 c5 4.Nf3 Qa5 5.Qd2 cxd4 6.Nxd4 Nc6 7.Nb3 Qc7 8.Bd3 Nf6
9.O-O O-O 10.f4 d6 11.Kh1 b6 12.Nd5 Qd8 13.c3 Bb7 14.Qe2 Nxd5 15.exd5 Nb8
16.c4 Nd7 17.Be3 Re8 18.Bd4 Nf6 19.f5 b5 20.fxg6 hxg6 21.Rad1 a5 22.Nd2 bxc4
23.Nxc4 Bxd5 24.Nb6 Rb8 25.Bb5 Bxa2 26.Bxe8 Nxe8 27.Bxg7 Nxg7 28.Nd5 Ne6
29.Nc3 Bb3 30.Rd2 Rb4 31.Qe3 Kg7 32.Rdf2 f5 33.Ne2 Bc4 34.Qc3+ Kf7 35.Re1 Qb6
36.Rf3 Bxe2 37.Rxe2 Nd4 38.Re1 Nxf3 39.Qxf3 e6 40.Qh3 Qd4 41.Rc1 Rb7 42.Qh7+ Qg7
43.Qh4 Qxb2 44.Qh7+ Qg7 45.Qh4 d5 46.h3 d4 47.Qd8 a4 48.Qa8 Kf6 49.Qd8+ Kf7
50.Qa8 Rd7 51.Qxa4 Kg8 52.Rc8+ Kh7 53.Re8 Ra7 54.Qd1 d3 55.Rc8 Ra1 56.Rc1 Rxc1
57.Qxc1 Qd7 58.Qd2 Qd4 59.Kh2 e5 60.Kh1 Kg7 61.Qg5 Kf7 62.Qd2 Kf6 63.Qh6 d2
64.Qf8+ Kg5 65.Qe7+ Kh6 66.Qf8+ Kg5 67.Qe7+ Kf4 68.Qh4+ Ke3 69.Qg3+ Ke2 70.Qf3+ Ke1
71.Qg3+ Kd1 72.Qb3+ Kc1 73.Qa3+ Qb2 74.Qe3 f4 75.Qc5+ Kb1  0-1

[Event "ch-Euro IBCA"]
[Site "Durham ENG"]
[Date "2007.08.19"]
[Round "6"]
[White "Desanjose Candalija,E"]
[Black "Rosikhin,I"]
[Result "1-0"]
[WhiteElo "2271"]
[BlackElo "2101"]

1.e4 g6 2.d4 Bg7 3.Nc3 c5 4.d5 d6 5.f4 Na6 6.Nf3 Nc7 7.a4 b6 8.Bd3 Nf6 9.O-O O-O
10.Qe2 a6 11.Bd2 Bb7 12.Rad1 Re8 13.Bc4 e6 14.dxe6 Nxe6 15.Bc1 Nd4 16.Nxd4 Nxe4
17.Ne6 Nxc3 18.bxc3 fxe6 19.Bxe6+ Kh8 20.Qg4 Bc8 21.Bxc8 Rxc8 22.f5 Qd7 23.Rf4 gxf5
24.Rxf5 Rg8 25.Qf4 Qc6 26.Rfd5 Be5 27.Qh4 Bxc3 28.Bg5 Rg6 29.Rf5 Rcg8 30.Rd3 Qd7
31.Rdf3 Qe6 32.Rf7 Qe1+ 33.Qxe1 Bxe1 34.Bf6+ Rxf6 35.R3xf6 Rg7 36.Rf8+ Rg8
37.Rxg8+ Kxg8 38.Rxd6 Ba5 39.Rd7 Bc3 40.Kf2 Be5 41.h3 c4 42.Ke3 Bc3 43.Rb7 Bb4
44.Kd4 Bc5+ 45.Kxc4 a5 46.Kb5  1-0

[Event "17th Chess Festival"]
[Site "Abu Dhabi UAE"]
[Date "2007.08.20"]
[Round "9"]
[White "Sethuraman,S"]
[Black "Ivanov,MM"]
[Result "1-0"]
[WhiteElo "2380"]
[BlackElo "2455"]

1.e4 g6 2.d4 Bg7 3.Nc3 a6 4.h4 h6 5.Be3 d6 6.Qd2 b5 7.f3 Nd7 8.d5 Nb6 9.a4 b4
10.Nd1 a5 11.c3 bxc3 12.Nxc3 Bd7 13.Bd3 e6 14.dxe6 Bxe6 15.Bb5+ Kf8 16.Bxb6 cxb6
17.Rd1 Ne7 18.Qxd6 Qxd6 19.Rxd6 Nc8 20.Rd3 Na7 21.Nge2 Nxb5 22.Nxb5 Ke7 23.Ned4 Rac8
24.Kf2  1-0